Catálogo
 En Linea

Flor de lumbre : (Registro nro. 2683)

Detalles MARC
000 -CABECERA
campo de control de longitud fija 00917cam a2200217 a 4500
001 - NÚMERO DE CONTROL
campo de control 000002849
005 - FECHA Y HORA DE LA ÚLTIMA TRANSACCIÓN
campo de control 20200929150254.0
008 - DATOS DE LONGITUD FIJA--INFORMACIÓN GENERAL
campo de control de longitud fija 050811s2004 pr a 000 p spa
020 ## - NÚMERO INTERNACIONAL ESTÁNDAR DEL LIBRO
Número Internacional Estándar del Libro 0865815976
040 ## - FUENTE DE LA CATALOGACIÓN
Centro catalogador/agencia de origen DO-SdBNP
Centro/agencia transcriptor DLC
Centro/agencia modificador DLC
082 ## - NÚMERO DE LA CLASIFICACIÓN DECIMAL DEWEY
Número de clasificación PR861.5
Número de documento/Ítem F632l
245 00 - MENCIÓN DE TÍTULO
Título Flor de lumbre :
Resto del título antología poética del Grupo Guajana, cuarenta años de quehacer (1962-2002) /
Mención de responsabilidad, etc. introducción de Marcelino J. Canino Salgado, selección y notas de Reynaldo Marcos Padua.
260 ## - PUBLICACIÓN, DISTRIBUCIÓN, ETC.
Lugar de publicación, distribución, etc. San Juan, Puerto Rico :
Nombre del editor, distribuidor, etc. Editorial Guajana :
-- Editorial Instituto de Cultura Puertorriqueña,
Fecha de publicación, distribución, etc. 2004.
300 ## - DESCRIPCIÓN FÍSICA
Extensión xxvi, 328 p. :
Otras características físicas il. ;
Dimensiones 23 cm.
650 #4 - PUNTO DE ACCESO ADICIONAL DE MATERIA--TÉRMINO DE MATERIA
Término de materia o nombre geográfico como elemento de entrada Poesía puertorriqueña
Subdivisión cronológica SIGLO XX.
9 (RLIN) 9029
650 #4 - PUNTO DE ACCESO ADICIONAL DE MATERIA--TÉRMINO DE MATERIA
Término de materia o nombre geográfico como elemento de entrada Literatura puertorriqueña
9 (RLIN) 250
700 1# - PUNTO DE ACCESO ADICIONAL--NOMBRE DE PERSONA
Nombre de persona Marcos Padua, Reynaldo.
Término indicativo de función/relación comp.
9 (RLIN) 9030
700 1# - PUNTO DE ACCESO ADICIONAL--NOMBRE DE PERSONA
Nombre de persona Cannino Salgado, Marcelino J.
Término indicativo de función/relación intr.
9 (RLIN) 9031
710 2# - PUNTO DE ACCESO ADICIONAL--NOMBRE DE ENTIDAD CORPORATIVA
Nombre de entidad corporativa o nombre de jurisdicción como elemento de entrada Grupo Guajana
9 (RLIN) 9032
910 ## - DATOS DE OPCIÓN DEL USUARIO (OCLC)
Datos de opción del usuario Catalogación por copia / LC
Existencias
Estado de retiro Estado de pérdida Restricciones de uso No para préstamo Código de colección Localización permanente Ubicación/localización actual Ubicación en estantería Fecha de adquisición Número de inventario Total de préstamos Signatura topográfica completa Código de barras Fecha visto por última vez Precio válido a partir de Tipo de ítem Koha
    Préstamo interno   Monografías: Libros y Folletos General General En catalogación 03.07.2009 LF1   PR861.5 F632l 2849-10 25.06.2020 25.06.2020 Préstamo interno

Con tecnología Koha